| 000 | 01145cab a2200229 4500 | ||
|---|---|---|---|
| 001 | ABS67306 | ||
| 008 | 040108n2003 000 0 eng u | ||
| 035 | _a(Sirsi) u124764 | ||
| 100 | _aThornton, A. | ||
| 245 | _aLessons in civility | ||
| 260 | _c2003 | ||
| 490 |
_aBuilding _v268(8310) 28 November 2003, 56-57(2) |
||
| 520 | _aLooks at how firms should treat each other in construction issues such as tendering, negotiating and administration of contracts and at all stages of claims and disputes. Stresses the need for transparency and full disclosure in the tendering and claims processes. Suggests a clear statement of the ground rules that should mark dealings during the construction process. The Society of Construction Law has embarked on examination of these suggestions and their taskforce can be contacted by email through Jackie Morris on [email protected] | ||
| 590 | _aABS | ||
| 650 | _aTENDERING | ||
| 650 | _aBUILT ENVIRONMENT-BUILDING CONTRACT FORMS | ||
| 650 | _aNEGOTIATING | ||
| 650 | _aCONTRACT ADMINISTRATION | ||
| 650 | _aCONSTRUCTION CLAIMS | ||
| 690 | _aBUILDING AND CONSTRUCTION-MANAGEMENT | ||
| 942 | _n0 | ||
| 999 |
_c74049 _d74049 |
||